Environmental Sustainability and Economic Matters of Commercial Types of Common Wheat
Diferenciácia pšenice obyčajnej na komerčné typy. Analýza environmentálnej udržateľnosti a hospodárskych otázok pestovania pšenice. Použitie metódy odhadu životných cyklov.
Saved in:
| Main Author: | |
|---|---|
| Other Authors: | , , , |
| Format: | Book Chapter |
| Language: | English |
| Subjects: | |
| Tags: |
No Tags, Be the first to tag this record!
|
MARC
| LEADER | 00000naa a2200000 4500 | ||
|---|---|---|---|
| 001 | 0256127 | ||
| 005 | 20221104110243.8 | ||
| 041 | 0 | |a eng | |
| 044 | |a CZ | ||
| 245 | 1 | 0 | |a Environmental Sustainability and Economic Matters of Commercial Types of Common Wheat |c Teresina Mancuso, Tibor Verduna, Simone Blanc, Giuseppe Di Vita, Filippo Brun |
| 520 | |a Diferenciácia pšenice obyčajnej na komerčné typy. Analýza environmentálnej udržateľnosti a hospodárskych otázok pestovania pšenice. Použitie metódy odhadu životných cyklov. | ||
| 610 | 2 | 0 | |a poľnohospodárstvo |
| 610 | 2 | 0 | |a pšenica |
| 610 | 2 | 0 | |a rozvoj trvalo udržateľný |
| 610 | 2 | 0 | |a hnojivá |
| 100 | 1 | |a Mancuso, Teresina | |
| 700 | 1 | |a Verduna, Tibor | |
| 700 | 1 | |a Blanc, Simone | |
| 700 | 1 | |a Di Vita, Giuseppe | |
| 700 | 1 | |a Brun, Filippo | |